书目信息 |
| 题名: |
中国民间长诗选
|
|
| 作者: | ;上海文艺出版社 编 | |
| 分册: | 第二集 | |
| 出版信息: | 上海 上海文艺出版社 1980.06 |
|
| 页数: | 690页 | |
| 开本: | 20cm | |
| 丛书名: | 中国民间文学作品选编 | |
| 单 册: | ||
| 中图分类: | I277.2 | |
| 科图分类: | ||
| 主题词: | 民间文学--中国 | |
| 电子资源: | ||
| ISBN: | ||
| 000 | 00678nam0 2200229 45 | |
| 001 | 0302171458 | |
| 005 | 20040413143719.1 | |
| 010 | @dCNY2.30 | |
| 091 | @a10078.3096 | |
| 100 | @a20030217d1980 km y0chiy0120 ea | |
| 101 | 0 | @achi |
| 105 | @a z 000gy | |
| 200 | 1 | @a中国民间长诗选@AZhong Guo Min Jian Chang Shi Xuan@h第二集@f本社编@FBenShe Bian |
| 210 | @a上海@c上海文艺出版社@d1980.06 | |
| 215 | @a690页@d20cm | |
| 225 | @a中国民间文学作品选编 | |
| 410 | @12001 @a中国民间文学作品选编 | |
| 606 | 0 | @a民间文学@x中国 |
| 690 | @aI277.2@v3 | |
| 711 | 02 | @a上海文艺出版社@AShang Hai Wen Yi Chu Ban She@4编 |
| 801 | @aCN@bTSTC@c20030217 | |
| 905 | @dI277.2@e15:2@f1@b36563 | |
| 中国民间长诗选.第二集/本社编.-上海:上海文艺出版社,1980.06 |
| 690页;20cm.-(中国民间文学作品选编) |
| ISBN :CNY2.30 |
| ● |
| 相关链接 |
|
|
|
|
正题名:中国民间长诗选
索取号:I277.2/15:2
 
预约/预借
| 序号 | 登录号 | 条形码 | 馆藏地/架位号 | 状态 | 备注 |
| 1 | 0036562 | 001735037 | 第二借阅区/ [索取号:I277.2/15:2] | 在馆 | |
| 2 | 0036563 | 000038701 | 第一样本阅览室/ [索取号:I277.2/15:2] | 在馆 |